Lord of the Rings: Scrambled Character Names - Statistics

General Stats
  • This quiz has been taken 38 times
  • The average score is 15 of 22
Answer Stats
Hint Answer % Correct
raagnor Aragorn
94%
dofor Frodo
84%
woyne Eowyn
81%
milig Gimli
81%
dtehone Theoden
81%
rawne Arwen
77%
arifram Faramir
77%
maeisws Samwise
77%
riombro Boromir
74%
fanagdl Gandalf
74%
lagreldia Galadriel
71%
olsglae Legolas
71%
uanors Sauron
71%
ehenrodt Denethor
68%
noredl Elrond
68%
reemo Eomer
65%
reipngre Peregrin
65%
mabilobd Bombadil
58%
leconreb Celeborn
52%
emocaird Meriadoc
52%
ialirmh Imrahil
45%
edetrerba Treebeard
45%
No matching quizzes found
Score Distribution
Percent of People with Each Score
Percentile by Number Answered
Your Score History
You have not taken this quiz